00000000nam##2200000za#4500
0019.681216
003CaOODSP
00520200330070245
007ta
008150407|2000||||xxc|||||     f|0| 0 fre|d
020 |a0-662-84945-0
040 |aCaOODSP|bfre
043 |an-cn---
0861 |aE94-153/2000F
1101 |aCanada.|bAgence canadienne de développement international.
24510|aGuide du Programme de coopération industrielle
260 |aOttawa - Ontario : |bAgence canadienne de développement international |c2000.
300 |a16p. ; |c28 cm.
500 |a«Ce guide s'adresse aux exploitants d'entreprises canadiennes désireux de travailler dans un pays en développement. Il vous aidera à déterminer si vous pouvez demander un soutien en vertu du Programme de coopération industrielle (PCI) de l'ACDI.»--Page 2.
5203 |aCe guide s'adresse aux exploitants d'entreprises canadiennes désireux de travailler dans un pays en développement. Il vous aidera à déterminer si vous pouvez demander un soutien en vertu du Programme de coopération industrielle (PCI) de l'ACDI.--Page 2
563 |aCouverture souple
590 |a00-38|b2000-09-22
69107|aDéveloppement international|2gcpds
69107|aProgramme d'aide|2gcpds
77508|tYour guide to the Industrial Cooperation Program |w(CaOODSP)9.647836
7760#|tGuide du Programme de coopération industrielle |w(CaOODSP)9.640321